000 00600nam a2200217Ia 4500
003 GCL
008 140319s9999 xx 000 0 ara d
040 _aGCL /
_cGCL
082 0 4 _a070.43
_bف ق
100 1 _aفاروق ابوزيد
245 1 0 _aفن الكتابة الصحفية /
_cفاروق ابوزيد
260 _a[S.N] :
_bعالم الكتب الحديث
300 _a345 ص
490 _a
650 0 4 _aالكتابة
650 0 4 _aالمقالات
650 0 4 _aالصحافة
650 0 4 _aالتقارير
650 0 4 _aالاحاديث الصحفية
942 _2ddc
_cBK
999 _c32389
_d32389